| 000 | 00483nam a22001577a 4500 | ||
|---|---|---|---|
| 020 | _a9780470918012 | ||
| 040 | _cNUST | ||
| 082 |
_a621.4021 _bPRI |
||
| 100 |
_aMichael J. Moran, Howard N. Shapiro _9124737 |
||
| 110 |
_aDaisie D. Boettner, Margaret B. Bailey _9124738 |
||
| 245 | _aPrinciples of Engineering Thermodynamics | ||
| 250 | _aseventh Edition | ||
| 260 |
_aAmerica: _bJohn Wiley & Sons, _c2012. |
||
| 650 | _2Principles of Engineering Thermodynamics | ||
| 942 |
_2ddc _cBK |
||
| 999 |
_c610541 _d610541 |
||